| 000 | 00723nam a2200217 a 4500 | ||
|---|---|---|---|
| 001 | 000011791 | ||
| 005 | 20210310105541.0 | ||
| 008 | 091027s1944 ag 001 0 spa d | ||
| 040 |
_aDO-SdBNP _bspa _cBNPHU |
||
| 041 | 1 | 7 |
_aspa _hlat _2Código de idioma MARC |
| 082 |
_a923.145 _bS944d |
||
| 100 | 0 |
_aSeutonio, _q(Cayo Suetonio Tranquilo), _d70-140 _927899 |
|
| 245 | 1 | 4 |
_aLos doce césares / _cSuetonio ; traducción, F. Norberto Castilla. |
| 260 |
_aBuenos Aires : _bMayo, _c1944. |
||
| 300 |
_a387 P. ; _c24 cm. |
||
| 650 | 4 |
_aEmperadores romanos _927900 |
|
| 650 | 0 |
_aBografías _920254 |
|
| 650 | 4 |
_aRoma _xHistoria _xImperio, _d30 A. DE J. C.-476 _927901 |
|
| 700 | 1 |
_aCastilla, F. Norberto, _etr. _927902 |
|
| 049 | _aBNGR | ||
| 999 |
_c11465 _d11465 |
||